000 01174cam a2200301 4500
001 ABS62262
008 000000n2000 000 0 eng u
035 _a(Sirsi) u105529
100 _aDorchester, J.D.
245 _aValuation and the Appraisal Institute in a global economy : The European Initiative
260 _c2000
490 _aAppraisal Journal
_v68(1) January 2000, 72-85(14)
520 _aSurveys a series of international development aimed a addressing the growing need for uniform international valuation standards, looking in particular at the Appraisal Instituteαs European Initiative. Bibliography plus list of related web sites.
590 _aABS
650 0 _aEUROPEAN INITIATIVE
650 _aINTERNATIONAL VALUATION STANDARDS
650 _aAPPRAISAL INSTITUTE
650 _aUSA
650 _aGLOBALISATION
650 _aEU
650 _aABOUT RICS-RELATED ORGANISATIONS-EUROPEAN GROUP OF VALUERS' ASSOCIATIONS
650 _aTIAVSC
650 0 _aINTERNATIONAL ASSETS VALUATION STANDARDS COMMITTEE
650 _aACCOUNTING STANDARDS
690 _aPROPERTY-PROPERTY APPRAISAL AND VALUATION
700 _aVella, J.J.
942 _n0
999 _c63229
_d63229